[Event "Lagos South West op"]
[Site "Lagos"]
[Date "2023.07.15"]
[Round "6"]
[White "Omoifo, Osemekhian I"]
[Black "Afam, Ndidi Ernest"]
[Result "1-0"]
[WhiteElo "2147"]
[BlackElo "1984"]
[PlyCount "143"]
[EventDate "2023.07.12"]
[EventType "swiss"]
[EventRounds "9"]
[EventCountry "NGR"]
[SourceTitle "CBM 215 Extra"]
[Source "ChessBase"]
[SourceDate "2023.09.30"]
[SourceVersion "1"]
[SourceVersionDate "2023.09.30"]
[SourceQuality "1"]

1. Nf3 d6 2. d4 Nf6 3. g3 g6 4. b3 Bg7 5. Bb2 0-0 6. Bg2 c6 7. 0-0 Nbd7 8. c4 Re8 9. Nc3 Qc7 10. Qd2 e5 11. Rac1 e4 12. Ne1 e3 13. fxe3 Bh6 14. Nc2 Ng4 15. Nd1 f5 16. h3 Ngf6 17. d5 c5 18. Nf2 Qd8 19. Nd3 Nh5 20. Qe1 Qe7 21. Kh2 Ndf6 22. Nf4 Bd7 23. a4 b6 24. Rd1 a6 25. Rg1 b5 26. axb5 axb5 27. Ra1 bxc4 28. Bxf6 Nxf6 29. bxc4 Bg7 30. Rxa8 Rxa8 31. Qb1 Ba4 32. Ne6 Bh6 33. e4 fxe4 34. Rf1 Nd7 35. Bxe4 Rb8 36. Qa1 Bb3 37. Qc3 Bg7 38. Nxg7 Qxg7 39. Qxg7+ Kxg7 40. Na3 Ba4 41. Rb1 Kf6 42. Rxb8 Nxb8 43. Kg2 Ke5 44. Kf3 Nd7 45. Ke3 Nb6 46. Bd3 Bd7 47. h4 Ba4 48. Nb1 Bb3 49. Nd2 Ba4 50. g4 Bd7 51. Nf3+ Kf6 52. Kf4 Ba4 53. e4 Nd7 54. g5+ Ke7 55. e5 Bd1 56. exd6+ Kxd6 57. Nd2 Bh5 58. Ne4+ Ke7 59. Ng3 Bd1 60. h5 gxh5 61. Bxh7 h4 62. Nf5+ Kf7 63. Nxh4 Be2 64. Bf5 Nf8 65. Ke5 Bxc4 66. Kd6 Bb5 67. Kxc5 Be8 68. Kd6 Kg7 69. Ke7 Ba4 70. d6 Bb5 71. Nf3 Ng6+ 72. Bxg6 1-0

[Event "Lagos South West op"]
[Site "Lagos"]
[Date "2023.07.12"]
[Round "2"]
[White "Omoifo, Osemekhian I"]
[Black "Mafoitan, Oladipupo"]
[Result "1-0"]
[WhiteElo "2147"]
[BlackElo "1906"]
[PlyCount "23"]
[EventDate "2023.07.12"]
[EventType "swiss"]
[EventRounds "9"]
[EventCountry "NGR"]
[SourceTitle "CBM 215 Extra"]
[Source "ChessBase"]
[SourceDate "2023.09.30"]
[SourceVersion "1"]
[SourceVersionDate "2023.09.30"]
[SourceQuality "1"]

1. Nf3 Nf6 2. g3 e6 3. Bg2 d5 4. 0-0 b6 5. d3 Bb7 6. Nbd2 Be7 7. e4 dxe4 8. dxe4 Nxe4 9. Ne5 Qd4 10. Nxe4 Qxe5 11. Nf6+ Qxf6 12. Bxb7 1-0

[Event "Gibraltar Challengers-B 14th"]
[Site "Caleta"]
[Date "2016.02.02"]
[Round "4"]
[White "Omoifo, Osemekhian I"]
[Black "Maloberti, David"]
[Result "1-0"]
[WhiteElo "2106"]
[BlackElo "2006"]
[PlyCount "92"]
[EventDate "2016.01.30"]
[EventType "swiss"]
[EventRounds "5"]
[EventCountry "GGB"]
[SourceTitle "CBM 170 Extra"]
[Source "ChessBase"]
[SourceDate "2016.02.25"]
[SourceVersion "1"]
[SourceVersionDate "2016.02.25"]
[SourceQuality "1"]

1. Nf3 Nf6 2. c4 g6 3. b3 Bg7 4. Bb2 d6 5. d4 Bf5 6. Nc3 Nc6 7. g3 Nb4 8. Rc1 c5 9. a3 Na6 10. Bg2 0-0 11. 0-0 Bh6 12. e3 Qc8 13. Re1 Bg4 14. Ne2 cxd4 15. Nfxd4 Qd7 16. Nb5 Ne8 17. Qd5 Nc5 18. b4 Be6 19. Qd1 Na6 20. Ned4 Bg4 21. Qd3 Nb8 22. Qe4 e5 23. Qxb7 exd4 24. Qxd7 Nxd7 25. Bxa8 d3 26. Bc3 Ne5 27. Bd2 Bf3 28. Bxf3 Nxf3+ 29. Kg2 Nxd2 30. Red1 Ne4 31. Rxd3 a6 32. Nc3 Nxc3 33. Rcxc3 Bg7 34. Rb3 f5 35. b5 Rf7 36. bxa6 Ra7 37. Rb8 Kf8 38. c5 d5 39. Rxd5 Rxa6 40. Rdd8 Re6 41. Rb7 Bf6 42. Rc8 Re7 43. c6 Be5 44. Rd8 Rc7 45. f4 Bf6 46. Rxe8+ Kf7 1-0

[Event "Gibraltar Masters 14th"]
[Site "Caleta"]
[Date "2016.02.02"]
[Round "8"]
[White "Omoifo, Osemekhian I"]
[Black "Suez Panama, Gilles"]
[Result "1-0"]
[WhiteElo "2106"]
[BlackElo "2032"]
[PlyCount "119"]
[EventDate "2016.01.26"]
[EventType "swiss"]
[EventRounds "10"]
[EventCountry "GGB"]
[SourceTitle "CBM 171"]
[Source "ChessBase"]
[SourceDate "2016.03.14"]
[SourceVersion "2"]
[SourceVersionDate "2016.03.14"]
[SourceQuality "1"]

1. Nf3 Nf6 2. c4 c5 3. Nc3 d5 4. cxd5 Nxd5 5. d4 Nxc3 6. bxc3 g6 7. e3 Bg7 8. Be2 0-0 9. 0-0 Qc7 10. Ba3 Nd7 11. Qb3 b6 12. Rac1 Bb7 13. Rfd1 e6 14. Bb2 Rfd8 15. Ba1 Rac8 16. Qb1 Nf6 17. Bb2 Ng4 18. h3 Nh6 19. Ba3 c4 20. Nd2 Ba6 21. e4 Rd7 22. Nf3 f6 23. Re1 Nf7 24. Rcd1 Bb7 25. Bf1 Bh6 26. Bc1 Bxc1 27. Qxc1 b5 28. a4 a6 29. axb5 axb5 30. Qb2 Bc6 31. Ra1 Qf4 32. Re3 Qb8 33. Nd2 Qb7 34. Ree1 Ng5 35. f3 Ra8 36. e5 Rxa1 37. Qxa1 f5 38. Rb1 Qa7 39. Qb2 Nf7 40. Kh2 Qc7 41. f4 Qd8 42. g3 g5 43. Bg2 Bxg2 44. Kxg2 gxf4 45. gxf4 Qa8+ 46. Kh2 Nh6 47. Qxb5 Qe8 48. Rg1+ Kh8 49. Nxc4 Qe7 50. Nd6 Ng4+ 51. hxg4 Qh4+ 52. Kg2 Qxg4+ 53. Kf2 Qxf4+ 54. Ke2 Qh2+ 55. Kd3 Qxg1 56. Qxd7 Qb1+ 57. Kc4 Qa2+ 58. Kc5 Qd5+ 59. Kb6 Qb3+ 60. Nb5 1-0

[Event "Gibraltar Challengers-B 14th"]
[Site "Caleta"]
[Date "2016.02.01"]
[Round "3"]
[White "Samaganova, Alexandra"]
[Black "Omoifo, Osemekhian I"]
[Result "1/2-1/2"]
[WhiteElo "1992"]
[BlackElo "2106"]
[PlyCount "155"]
[EventDate "2016.01.30"]
[EventType "swiss"]
[EventRounds "5"]
[EventCountry "GGB"]
[SourceTitle "CBM 170 Extra"]
[Source "ChessBase"]
[SourceDate "2016.02.25"]
[SourceVersion "1"]
[SourceVersionDate "2016.02.25"]
[SourceQuality "1"]

1. c4 e5 2. Nc3 Nc6 3. g3 g6 4. Bg2 Bg7 5. e3 Nge7 6. Nge2 f5 7. d4 d6 8. Rb1 0-0 9. b4 Kh8 10. b5 Nb8 11. dxe5 Bxe5 12. Bb2 Nd7 13. Nf4 Nc5 14. h4 Rb8 15. Ncd5 Bxb2 16. Rxb2 Nxd5 17. Nxd5 h6 18. 0-0 Be6 19. Qd4+ Kh7 20. Rd1 Bxd5 21. Qxd5 Qf6 22. Rc2 Rbe8 23. Qd4 Qe5 24. Rc3 Qe7 25. Ra3 Ra8 26. Re1 Rfe8 27. Bd5 Qg7 28. Qd2 Qf6 29. Kg2 Kg7 30. Rd1 Reb8 31. Qd4 a6 32. Rb1 axb5 33. Rxa8 Rxa8 34. cxb5 Ra4 35. Qd2 b6 36. Bb3 Ra8 37. Qd5 Re8 38. Rc1 h5 39. Rc2 Qe7 40. Qc6 Qe4+ 41. Qxe4 Rxe4 42. Bd5 Rb4 43. Bc6 Kf7 44. Kf3 Ke7 45. Ke2 Na4 46. Kd2 Rb2 47. Rxb2 Nxb2 48. Bd5 Na4 49. Bc6 Nc5 50. Kc3 Ke6 51. Kc4 Nd7 52. Kd3 Nf8 53. Kd4 Nh7 54. Bd5+ Ke7 55. Kd3 Nf6 56. Bf3 Ng8 57. Bc6 Ke6 58. f3 Ne7 59. Be8 Kd5 60. e4+ fxe4+ 61. fxe4+ Ke5 62. Bd7 Ng8 63. Be8 Kf6 64. Kd4 Ne7 65. a3 Ke6 66. a4 Kf6 67. Bd7 Kf7 68. e5 dxe5+ 69. Kxe5 g5 70. hxg5 Kg6 71. Be8+ Kxg5 72. Ke6 Nf5 73. Kd7 Nd6 74. Bxh5 Kxh5 75. Kxc7 Nc4 76. Kc6 Kg4 77. a5 bxa5 78. Kc5 1/2-1/2

[Event "Gibraltar Challengers-B 14th"]
[Site "Caleta"]
[Date "2016.01.31"]
[Round "2"]
[White "Omoifo, Osemekhian I"]
[Black "Menna Barreto, Felipe Kubiaki"]
[Result "0-1"]
[WhiteElo "2106"]
[BlackElo "2247"]
[PlyCount "158"]
[EventDate "2016.01.30"]
[EventType "swiss"]
[EventRounds "5"]
[EventCountry "GGB"]
[SourceTitle "CBM 170 Extra"]
[Source "ChessBase"]
[SourceDate "2016.02.25"]
[SourceVersion "1"]
[SourceVersionDate "2016.02.25"]
[SourceQuality "1"]

1. Nf3 Nf6 2. b3 d6 3. d4 g6 4. Bb2 Bg7 5. Nbd2 0-0 6. e4 Nbd7 7. Be2 e5 8. dxe5 dxe5 9. 0-0 Re8 10. Re1 Nh5 11. Nc4 f6 12. Bf1 Nb6 13. Nxb6 axb6 14. Bc4+ Kh8 15. Qxd8 Rxd8 16. h3 Nf4 17. a4 Be6 18. Bxe6 Nxe6 19. Rad1 Bf8 20. g3 Kg8 21. Kf1 Bb4 22. Rxd8+ Rxd8 23. Rb1 Bf8 24. Bc3 Nc5 25. Re1 h5 26. g4 hxg4 27. hxg4 g5 28. Re2 Rd1+ 29. Ne1 Rd7 30. f3 Ne6 31. Nd3 Bc5 32. Rh2 Be3 33. Ke2 Bd4 34. Bd2 Bc5 35. c3 Rd8 36. Rh1 Kg7 37. Nb2 Bd6 38. Be3 Bc5 39. Nd3 Bxe3 40. Kxe3 Nf4 41. Nxf4 gxf4+ 42. Ke2 Kg6 43. Rh5 c6 44. Rh1 Kg7 45. Ra1 Kg6 46. Rh1 Ra8 47. Kd3 b5 48. axb5 cxb5 49. c4 b4 50. c5 Rd8+ 51. Ke2 Rc8 52. Rc1 Rh8 53. Rc4 Rh2+ 54. Kf1 Kg5 55. Rxb4 Kh4 56. Rxb7 Rc2 57. b4 Kg3 58. Ke1 Kxf3 59. Kd1 Rc4 60. Rf7 Rxb4 61. Rxf6 Kxg4 62. Re6 Rd4+ 63. Ke2 Rxe4+ 64. Kf2 Kf5 65. Rh6 Rc4 66. c6 Ke4 67. Rd6 Rc2+ 68. Ke1 Ke3 69. Kd1 Rc5 70. Rd2 Rxc6 71. Re2+ Kd4 72. Rd2+ Ke4 73. Re2+ Kf5 74. Ra2 f3 75. Ke1 e4 76. Kf2 Kf4 77. Ra4 Rc2+ 78. Ke1 f2+ 79. Kf1 Kf3 0-1

[Event "Gibraltar Masters 14th"]
[Site "Caleta"]
[Date "2016.01.28"]
[Round "3"]
[White "Zwahr, Paul"]
[Black "Omoifo, Osemekhian I"]
[Result "1/2-1/2"]
[WhiteElo "2333"]
[BlackElo "2106"]
[PlyCount "99"]
[EventDate "2016.01.26"]
[EventType "swiss"]
[EventRounds "10"]
[EventCountry "GGB"]
[SourceTitle "CBM 171"]
[Source "ChessBase"]
[SourceDate "2016.03.14"]
[SourceVersion "2"]
[SourceVersionDate "2016.03.14"]
[SourceQuality "1"]

1. e4 c6 2. d4 d5 3. Nd2 dxe4 4. Nxe4 Nf6 5. Nxf6+ exf6 6. c3 Bd6 7. Bd3 0-0 8. Qc2 Re8+ 9. Ne2 g6 10. h4 Be6 11. h5 f5 12. Be3 Qf6 13. 0-0-0 f4 14. Bd2 Nd7 15. g3 Bg4 16. Nxf4 Bxd1 17. Qxd1 Nf8 18. Qg4 Re7 19. Bc4 Bxf4 20. Bxf4 Rae8 21. hxg6 Nxg6 22. Be3 b5 23. Bd3 Rxe3 24. fxe3 Rxe3 25. Bf5 Qd6 26. Rg1 Qd5 27. Kb1 a5 28. Bc2 a4 29. a3 Kg7 30. Qh3 Qf3 31. Qd7 Re2 32. Qf5 Qe3 33. Qf1 h6 34. Qd1 Ne7 35. Rf1 Nd5 36. Bd3 Rd2 37. Qg4+ Qg5 38. Qf3 Qf6 39. Qe4 Qg6 40. Rxf7+ Qxf7 41. Qh7+ Kf8 42. Qxh6+ Qg7 43. Qxd2 Qxg3 44. Be4 Ne7 45. Qh6+ Kf7 46. Bxc6 Qd3+ 47. Kc1 Qf1+ 48. Kd2 Qf2+ 49. Kd3 Qf1+ 50. Kd2 1/2-1/2

[Event "Gibraltar Challengers-A 14th"]
[Site "Caleta"]
[Date "2016.01.27"]
[Round "3"]
[White "Burrows, Zachary"]
[Black "Omoifo, Osemekhian I"]
[Result "1/2-1/2"]
[WhiteElo "2074"]
[BlackElo "2106"]
[PlyCount "156"]
[EventDate "2016.01.25"]
[EventType "swiss"]
[EventRounds "5"]
[EventCountry "GGB"]
[SourceTitle "CBM 170 Extra"]
[Source "ChessBase"]
[SourceDate "2016.02.25"]
[SourceVersion "1"]
[SourceVersionDate "2016.02.25"]
[SourceQuality "1"]

1. d4 Nf6 2. Bf4 g6 3. Nf3 Bg7 4. e3 0-0 5. Bd3 c5 6. c3 b6 7. Nbd2 Bb7 8. 0-0 Nc6 9. Re1 d6 10. Nf1 Re8 11. Bb5 a6 12. Ba4 b5 13. Bc2 Nh5 14. Bg5 h6 15. Bh4 Qb6 16. Rb1 Rac8 17. N1d2 Nf6 18. Ne4 Nxe4 19. Bxe4 b4 20. Bg3 a5 21. d5 Nb8 22. c4 Nd7 23. Qc2 Nf8 24. Bd3 Ra8 25. e4 e5 26. Nd2 Nd7 27. Qd1 Nf6 28. h3 Nh5 29. Bh2 Bc8 30. Be2 Nf4 31. Bxf4 exf4 32. Bg4 Ba6 33. Bd7 Re7 34. Bc6 Rf8 35. Qg4 g5 36. h4 Bc8 37. Qh5 g4 38. e5 dxe5 39. Ne4 Rd8 40. Rbd1 Ra7 41. Re2 f5 42. Nd2 e4 43. Nxe4 fxe4 44. Rxe4 Rf7 45. Rde1 Qc7 46. Qg6 Rdf8 47. Re8 Bf5 48. Qh5 Qd6 49. Rxf8+ Rxf8 50. b3 Qg6 51. Qxg6 Bxg6 52. Bd7 g3 53. Be6+ Kh8 54. fxg3 fxg3 55. d6 Bd4+ 56. Kh1 Bc3 57. Rg1 Rf2 58. d7 Bf6 59. Re1 Bd3 60. Kg1 Kg7 61. Bg4 Bxh4 62. Rd1 Bd8 63. Rxd3 Rxa2 64. Rxg3 Rd2 65. Bf5+ Kf6 66. Rf3 Ke5 67. Kh2 Kd6 68. Kh3 Kc7 69. g4 Kb6 70. Re3 Bc7 71. g5 hxg5 72. Rd3 Rxd3+ 73. Bxd3 Kc6 74. Bf5 Kd6 75. Kg4 Bd8 76. Kf3 Ke5 77. Be4 a4 78. bxa4 Kd4 1/2-1/2

[Event "Lagos Millionaire Satellite op"]
[Site "Lagos"]
[Date "2015.06.11"]
[Round "3"]
[White "Omoifo, Osemekhian I"]
[Black "Ajibola, Olanrewaju"]
[Result "1-0"]
[WhiteElo "2097"]
[BlackElo "2172"]
[PlyCount "113"]
[EventDate "2015.06.10"]
[EventType "swiss"]
[EventRounds "9"]
[EventCountry "NGR"]
[SourceTitle "EXT 2018"]
[Source "ChessBase"]
[SourceDate "2017.10.13"]
[SourceVersion "1"]
[SourceVersionDate "2017.10.13"]
[SourceQuality "1"]

1. Nf3 d5 2. g3 c6 3. Bg2 Bg4 4. b3 Nd7 5. Bb2 Qc7 6. c4 dxc4 7. bxc4 e5 8. Qc2 Ngf6 9. d3 Bd6 10. Nbd2 0-0 11. 0-0 Rfe8 12. Rab1 b6 13. Rfe1 Rad8 14. h3 Bh5 15. g4 Bg6 16. Nh4 Nc5 17. Nxg6 hxg6 18. Rbd1 Ne6 19. e3 c5 20. Nb1 Qc8 21. Nc3 Bb8 22. Nd5 Nxd5 23. cxd5 Nc7 24. Qb3 Qd7 25. e4 Nb5 26. Qa4 Nd4 27. Qxd7 Rxd7 28. Bxd4 exd4 29. Rb1 Bf4 30. Red1 g5 31. Rb2 Rb8 32. Rdb1 f6 33. a4 Rdb7 34. Bf3 Kf8 35. Bd1 a6 36. Kf1 b5 37. axb5 Rxb5 38. Rb3 Bd2 39. Ke2 Bc3 40. Bc2 Ke7 41. Kf3 Rb4 42. Rxb4 cxb4 43. Ba4 Kd6 44. Ke2 Rc8 45. Rh1 Rc5 46. Bb3 Ra5 47. h4 Ra3 48. hxg5 Rxb3 49. gxf6 gxf6 50. g5 Rb2+ 51. Kf3 fxg5 52. Rh6+ Kd7 53. e5 Rd2 54. Rh7+ Kd8 55. d6 Rxd3+ 56. Ke4 Rd1 57. e6 1-0

[Event "Lagos op"]
[Site "Lagos"]
[Date "2014.10.23"]
[Round "6"]
[White "Ladokun, Kolawole Akinyemi"]
[Black "Omoifo, Osemekhian I"]
[Result "1/2-1/2"]
[WhiteElo "1946"]
[BlackElo "2121"]
[PlyCount "59"]
[EventDate "2014.10.21"]
[EventType "swiss"]
[EventRounds "7"]
[EventCountry "NGR"]
[SourceTitle "CBM 163 Extra"]
[Source "ChessBase"]
[SourceDate "2014.12.23"]
[SourceVersion "1"]
[SourceVersionDate "2014.12.23"]
[SourceQuality "1"]

1. Nf3 Nf6 2. d4 g6 3. g3 Bg7 4. c4 0-0 5. Bg2 d5 6. 0-0 Nc6 7. cxd5 Nxd5 8. Nc3 Nb6 9. Bf4 Bf5 10. d5 Na5 11. Nd4 Bd7 12. Ndb5 c6 13. dxc6 Bxc6 14. Qxd8 Rfxd8 15. Rad1 Bxg2 16. Kxg2 e5 17. Bg5 f6 18. Bc1 Nc6 19. Nc7 Rxd1 20. Rxd1 Rd8 21. Rxd8+ Nxd8 22. b3 Kf7 23. Be3 Nc8 24. f4 exf4 25. Bxf4 f5 26. N3d5 Ne6 27. Be3 Be5 28. Nb5 a6 29. Nbc3 Ne7 30. Kf2 1/2-1/2

[Event "Lagos op"]
[Site "Lagos"]
[Date "2014.10.22"]
[Round "4"]
[White "Omoifo, Osemekhian I"]
[Black "Omorere, Benjamin"]
[Result "0-1"]
[WhiteElo "2121"]
[BlackElo "2219"]
[PlyCount "146"]
[EventDate "2014.10.21"]
[EventType "swiss"]
[EventRounds "7"]
[EventCountry "NGR"]
[SourceTitle "CBM 163 Extra"]
[Source "ChessBase"]
[SourceDate "2014.12.23"]
[SourceVersion "1"]
[SourceVersionDate "2014.12.23"]
[SourceQuality "1"]

1. Nf3 Nf6 2. d4 c5 3. e3 g6 4. Bd3 Bg7 5. 0-0 Qc7 6. Nbd2 d6 7. c3 0-0 8. Qe2 Nc6 9. dxc5 dxc5 10. e4 b6 11. Re1 Rd8 12. Bb5 a6 13. Bxc6 Qxc6 14. Nf1 Bb7 15. Ng3 a5 16. Bg5 h6 17. Bxf6 exf6 18. Rad1 Qc7 19. Rxd8+ Rxd8 20. h3 h5 21. Qc4 Qc6 22. Nh4 Kf8 23. Qe2 Qd7 24. Nf3 Qd3 25. Qxd3 Rxd3 26. Nf1 Bh6 27. N3h2 Bc8 28. f3 Be6 29. a3 b5 30. Kf2 b4 31. cxb4 cxb4 32. axb4 axb4 33. Ne3 Rb3 34. Nd1 Bc4 35. Nf1 Rd3 36. Nde3 Bb3 37. g3 Be6 38. h4 Ke7 39. f4 Rd4 40. Kf3 Bf8 41. f5 Bb3 42. Ra1 Bh6 43. Ra7+ Kf8 44. Rb7 Ba2 45. fxg6 fxg6 46. Nd5 f5 47. Nxb4 fxe4+ 48. Kf2 Bc4 49. Nc2 Rd6 50. Nce3 Rf6+ 51. Ke1 Bd3 52. Rb8+ Kf7 53. Rb7+ Ke8 54. Rb8+ Kd7 55. Rb7+ Kc8 56. Rh7 Bf8 57. Rc7+ Kb8 58. Nd2 Bd6 59. Rd7 Bxg3+ 60. Kd1 Bxh4 61. Nd5 Ra6 62. Nb3 Bg5 63. Ke1 Bc4 64. Nc5 Ra1+ 65. Kf2 Bxd5 66. Rxd5 e3+ 67. Ke2 Be7 68. Kxe3 Bxc5+ 69. Rxc5 Rg1 70. b4 Kb7 71. Kf3 Kb6 72. Re5 Kc7 73. Re6 Kd7 0-1

[Event "NGR olymp Trials Stage2"]
[Site "Ibadan"]
[Date "2014.05.25"]
[Round "9"]
[White "Oragwu, Chukwunonso"]
[Black "Omoifo, Osemekhian I"]
[Result "0-1"]
[WhiteElo "2275"]
[BlackElo "2091"]
[PlyCount "132"]
[EventDate "2014.05.21"]
[EventType "tourn"]
[EventRounds "9"]
[EventCountry "NGR"]
[SourceTitle "EXT 2018"]
[Source "ChessBase"]
[SourceDate "2017.10.13"]
[SourceVersion "1"]
[SourceVersionDate "2017.10.13"]
[SourceQuality "1"]

1. e4 c6 2. f4 d5 3. e5 h5 4. d4 Bg4 5. Nf3 e6 6. h3 Bxf3 7. Qxf3 g6 8. Nc3 c5 9. dxc5 Bxc5 10. Bd2 Nc6 11. Bb5 a6 12. Bxc6+ bxc6 13. 0-0-0 h4 14. Na4 Ba7 15. Qd3 Ne7 16. g4 hxg3 17. Qxg3 Rh5 18. Qa3 a5 19. Kb1 Kf8 20. Nc5 Bxc5 21. Qxc5 Kg7 22. a4 Ra6 23. Rhf1 Nf5 24. Rf3 Qa8 25. Rb3 Qg8 26. Rc3 Qh8 27. Qa3 d4 28. Rd3 Rh4 29. Rh1 Qf8 30. Qb3 Qc5 31. Qb7 Ra7 32. Qb3 Qd5 33. Qxd5 exd5 34. Rb3 Ne3 35. Bxe3 dxe3 36. Rxe3 Rxf4 37. b3 d4 38. Re2 Re7 39. h4 Rf5 40. Re4 c5 41. Rhe1 Re6 42. Kc1 Rf3 43. Kd2 Kf8 44. Rh1 Rf5 45. Rhe1 Rf3 46. Rh1 f5 47. Re2 Kg7 48. Rg2 Kh6 49. Re2 Rg3 50. Rhh2 Kh5 51. Re1 Re3 52. Rg1 Re4 53. Rg5+ Kh6 54. Rhg2 Rxh4 55. Kd3 Re4 56. Kc4 R4xe5 57. Kb5 f4 58. Rxe5 Rxe5 59. Kxa5 f3 60. Rh2+ Rh5 61. Rf2 Rf5 62. Kb6 g5 63. a5 g4 64. a6 Kg5 65. a7 Rf8 66. Kxc5 Kf4 0-1

[Event "NGR olymp Trials Stage2"]
[Site "Ibadan"]
[Date "2014.05.24"]
[Round "8"]
[White "Adu, Oladapo"]
[Black "Omoifo, Osemekhian I"]
[Result "1-0"]
[WhiteElo "2203"]
[BlackElo "2091"]
[PlyCount "49"]
[EventDate "2014.05.21"]
[EventType "tourn"]
[EventRounds "9"]
[EventCountry "NGR"]
[SourceTitle "EXT 2018"]
[Source "ChessBase"]
[SourceDate "2017.10.13"]
[SourceVersion "1"]
[SourceVersionDate "2017.10.13"]
[SourceQuality "1"]

1. Nf3 d5 2. d4 e6 3. Bf4 Nf6 4. e3 Be7 5. Bd3 0-0 6. Nbd2 b6 7. Ne5 Bb7 8. Qf3 c5 9. c3 Nbd7 10. Qh3 Re8 11. g4 Nf8 12. Qg2 a6 13. h4 N6d7 14. g5 Nxe5 15. Bxe5 f6 16. gxf6 Bxf6 17. Nf3 Bxe5 18. Nxe5 Qc7 19. 0-0-0 Nd7 20. Bxh7+ Kf8 21. Ng6+ Kf7 22. Rhg1 Nf6 23. Ne5+ Kf8 24. Qf3 Red8 25. h5 1-0

[Event "NGR olymp Trials Stage2"]
[Site "Ibadan"]
[Date "2014.05.24"]
[Round "7"]
[White "Omoifo, Osemekhian I"]
[Black "Kigigha, Bomo"]
[Result "1-0"]
[WhiteElo "2091"]
[BlackElo "2194"]
[PlyCount "59"]
[EventDate "2014.05.21"]
[EventType "tourn"]
[EventRounds "9"]
[EventCountry "NGR"]
[SourceTitle "EXT 2018"]
[Source "ChessBase"]
[SourceDate "2017.10.13"]
[SourceVersion "1"]
[SourceVersionDate "2017.10.13"]
[SourceQuality "1"]

1. Nf3 c5 2. b3 Nf6 3. Bb2 g6 4. g3 Bg7 5. Bg2 Nc6 6. 0-0 0-0 7. c4 d5 8. cxd5 Nxd5 9. Bxg7 Kxg7 10. Qc1 b6 11. d4 Nxd4 12. Nxd4 cxd4 13. Qc4 Bb7 14. Qxd4+ Kg8 15. Na3 e6 16. Rfd1 Qe7 17. Nc4 Rfd8 18. Qb2 Ba6 19. Qe5 f6 20. Qb2 Rac8 21. Bxd5 exd5 22. Ne3 d4 23. Rxd4 Rxd4 24. Qxd4 Bxe2 25. Nd5 Qg7 26. Re1 Re8 27. Qxf6 Qd7 28. Qd4 Kf7 29. Qf4+ Kg7 30. Nf6 1-0

[Event "Gibraltar Masters 12th"]
[Site "Caleta"]
[Date "2014.02.06"]
[Round "10"]
[White "Semprun Martinez, Fernando M"]
[Black "Omoifo, Osemekhian I"]
[Result "0-1"]
[WhiteElo "2226"]
[BlackElo "2076"]
[PlyCount "46"]
[EventDate "2014.01.28"]
[EventType "swiss"]
[EventRounds "10"]
[EventCountry "GGB"]
[SourceTitle "CBM 159"]
[Source "ChessBase"]
[SourceDate "2014.03.17"]
[SourceVersion "1"]
[SourceVersionDate "2014.03.17"]
[SourceQuality "1"]

1. e4 c6 2. d4 d5 3. f3 e6 4. Nc3 Nf6 5. Be3 Bb4 6. e5 Nfd7 7. f4 c5 8. Nf3 Nc6 9. a3 Bxc3+ 10. bxc3 Qa5 11. Bd2 c4 12. Be2 Ne7 13. 0-0 h5 14. Ng5 g6 15. f5 Nxf5 16. Rxf5 exf5 17. e6 fxe6 18. Nxe6 Nf8 19. Nc5 Ne6 20. Bxh5 Rxh5 21. Qe2 Kf7 22. Re1 Qb6 23. g4 fxg4 0-1

[Event "Gibraltar Masters 12th"]
[Site "Caleta"]
[Date "2014.01.29"]
[Round "2"]
[White "Omoifo, Osemekhian I"]
[Black "Nakar, Eylon"]
[Result "0-1"]
[WhiteElo "2076"]
[BlackElo "2398"]
[PlyCount "139"]
[EventDate "2014.01.28"]
[EventType "swiss"]
[EventRounds "10"]
[EventCountry "GGB"]
[SourceTitle "CBM 159"]
[Source "ChessBase"]
[SourceDate "2014.03.17"]
[SourceVersion "1"]
[SourceVersionDate "2014.03.17"]
[SourceQuality "1"]

1. Nf3 Nf6 2. d4 g6 3. g3 Bg7 4. Bg2 0-0 5. 0-0 d6 6. c4 Nc6 7. Nc3 Rb8 8. Bg5 h6 9. Bd2 a6 10. Qc1 Kh7 11. Rd1 Bd7 12. Be1 Re8 13. e4 Bg4 14. h3 Bxf3 15. Bxf3 Nd7 16. Ne2 e5 17. d5 Nd4 18. Nxd4 exd4 19. Bg2 c5 20. Bd2 b5 21. b3 Ne5 22. Bf4 Qa5 23. Bxe5 Bxe5 24. Qd2 Qa3 25. Bf1 Kg7 26. Rac1 Re7 27. Bd3 Bf6 28. Re1 b4 29. Rcd1 a5 30. Re2 a4 31. bxa4 Qxa4 32. Rde1 b3 33. axb3 Rxb3 34. Bc2 Qxc4 35. Bxb3 Qxb3 36. Qc2 Qb5 37. Rb1 Qa6 38. Rd2 c4 39. Rb4 Rc7 40. Kg2 Qa5 41. Rb1 d3 42. Qc1 Qc5 43. Qf1 Qd4 44. Re1 Re7 45. f3 Rb7 46. Red1 Bg5 47. f4 Bd8 48. Qf3 Re7 49. Re2 dxe2 50. Rxd4 e1N+ 51. Kf2 Nxf3 52. Kxf3 Rc7 53. Rd2 Bf6 54. Rc2 c3 55. g4 Rb7 56. g5 hxg5 57. e5 dxe5 58. fxg5 Bxg5 59. Rxc3 Rd7 60. Rc5 f5 61. Rb5 e4+ 62. Kg3 Be3 63. Ra5 Kf6 64. Ra6+ Kg5 65. h4+ Kh5 66. Ra5 g5 67. hxg5 Kxg5 68. Rb5 f4+ 69. Kg2 Kg4 70. Ra5 0-1

[Event "Lagos Friends of Chess op 1st"]
[Site "Lagos"]
[Date "2013.09.07"]
[Round "3"]
[White "Omoifo, Osemekhian I"]
[Black "Omorere, Benjamin"]
[Result "0-1"]
[WhiteElo "2084"]
[BlackElo "2183"]
[PlyCount "83"]
[EventDate "2013.09.06"]
[EventType "swiss"]
[EventRounds "6"]
[EventCountry "NGR"]
[SourceTitle "EXT 2015"]
[Source "ChessBase"]
[SourceDate "2014.11.20"]
[SourceVersion "1"]
[SourceVersionDate "2014.11.20"]
[SourceQuality "1"]

1. Nf3 Nc6 2. d4 d5 3. e3 Nf6 4. c4 e6 5. Nc3 g6 6. Be2 Bg7 7. 0-0 0-0 8. Qc2 b6 9. a3 Bb7 10. cxd5 exd5 11. Bd2 a6 12. Rac1 Rc8 13. Rfd1 Nb8 14. Be1 Nbd7 15. b4 Qe7 16. Qa2 Rfe8 17. Rc2 Qd6 18. Rdc1 h6 19. Na4 Ne4 20. Qb3 c6 21. Nb2 g5 22. Nd3 Kh7 23. Qb1 f5 24. Nd2 Re7 25. Nf1 Rce8 26. f3 Nef6 27. Bg3 Qe6 28. Ne5 Nxe5 29. Bxe5 Nd7 30. f4 Kh8 31. Ng3 Nxe5 32. fxe5 Bxe5 33. dxe5 Qxe5 34. Nf1 d4 35. Qb2 dxe3 36. Rd1 Qxb2 37. Rxb2 f4 38. h3 Re5 39. Nh2 Rd5 40. Ng4 Rxd1+ 41. Bxd1 Kg7 42. Bf3 0-1

[Event "Arlington DC op 1st"]
[Site "Arlington"]
[Date "2013.06.30"]
[Round "7"]
[White "Pratihba, Yuvaraj"]
[Black "Omoifo, Osemekhian I"]
[Result "1-0"]
[WhiteElo "2193"]
[BlackElo "2184"]
[PlyCount "128"]
[EventDate "2013.06.27"]
[EventType "swiss"]
[EventRounds "9"]
[EventCountry "USA"]
[SourceTitle "CBM 155 Extra"]
[Source "ChessBase"]
[SourceDate "2013.08.26"]
[SourceVersion "1"]
[SourceVersionDate "2013.08.26"]
[SourceQuality "1"]

1. e4 d6 2. d4 Nf6 3. Nc3 g6 4. Nf3 Bg7 5. Be2 0-0 6. Bg5 c6 7. Qd2 Re8 8. Bd3 e5 9. dxe5 dxe5 10. h3 Nbd7 11. Be3 Qc7 12. a4 Nf8 13. 0-0 Ne6 14. Ne2 Nh5 15. Ng5 Nxg5 16. Bxg5 Be6 17. Rad1 f6 18. Bh6 g5 19. Bxg7 Kxg7 20. Ng3 Nf4 21. Qe3 Qb6 22. Nf5+ Bxf5 23. exf5 Qxe3 24. fxe3 Nd5 25. Be4 Red8 26. Bxd5 cxd5 27. Rd3 Rac8 28. Rf2 Kf7 29. Rfd2 Ke7 30. Kf2 Rc5 31. Ke2 a5 32. Rb3 Rd7 33. Rb6 d4 34. exd4 exd4 35. Re6+ Kf7 36. g4 Rxc2 37. Rxc2 d3+ 38. Kd2 dxc2+ 39. Kxc2 h5 40. Kc3 hxg4 41. hxg4 Rd1 42. Rb6 Rg1 43. Rxb7+ Kf8 44. Kd4 Rxg4+ 45. Kd5 Rxa4 46. Ra7 Rb4 47. Rxa5 Rxb2 48. Ra7 Re2 49. Kd6 Re5 50. Rb7 Rxf5 51. Ke6 Rf4 52. Ra7 g4 53. Rb7 Rf3 54. Rb4 g3 55. Rg4 f5 56. Rg5 f4 57. Rf5+ Kg7 58. Rg5+ Kh6 59. Kf6 Rf2 60. Rg8 Kh5 61. Kf5 Kh6 62. Kf6 Kh7 63. Rg7+ Kh8 64. Rg4 g2 1-0